Top 10 Japanese cities by population - Statistics

General Stats
  • This quiz has been taken 1,345 times
  • The average score is 7 of 10
Answer Stats
Hint Answer % Correct
8,949,447 Tokyo
100%
2,666,371 Osaka
96%
1,474,473 Kyoto
86%
1,914,434 Sapporo
79%
2,263,907 Nagoya
76%
3,689,603 Yokohama
75%
1,544,873 Kōbe
62%
1,463,826 Fukuoka
59%
1,222,910 Saitama
32%
1,425,678 Kawasaki
28%
No matching quizzes found
Score Distribution
Percent of People with Each Score
Percentile by Number Answered
Your Score History
You have not taken this quiz